000 01048nam a22003017a 4500
001 BR9206147
003 BR-BrBNA
005 20230928093651.0
007 ta
008 230509b bl.||||| |||| 00| 0 por d
040 _aBR-BrBNA
_bpor
_cBiblioteca Nacional de Agricultura
041 _a(Por)
072 _aE21; Q02
_b9140
_b1060
_b/G514
090 _ 9140 BR9206147
100 1 _aCanziani, J.R.F.
110 1 _aEscola Superior de Agricultura Luiz de Queiroz, Piracicaba, SP (Brasil)
_0Tese (Mestre em Agronomia)
245 1 _aSimulacoes sobre a implantacao da industria de suco concentrado de laranja no estado do Parana
246 1 _aSimulations on the implementation of the orange juice concentrate industry in the state of Parana, Brazil
260 3 _aPiracicaba, SP (Brasil):
_c1991.
300 _a124 p.
500 _a38 tables; 48 ref.; Summaries (Eng, Por)
650 _aSUCO CONCENTRADO
650 _aLARANJA
650 _aINDUSTRIA ALIMENTICIA
650 _aPARANA
909 _a202309
_bLucia
_c55
_dLucia Elande
942 _cBK
999 _c46362
_d46362